[Event "Tournoi francophone 009 Groupe C"]
[Site "Skype"]
[Date "????.??.??"]
[Round "1.1"]
[White "Amato, Ludovica"]
[Black "Bustos, Ricardo"]
[Result "0-1"]
[WhiteElo "1289"]
[BlackElo "1232"]
[PlyCount "92"]

1. e4 c5 2. Nf3 d6 3. d4 cxd4 4. Nxd4 Nf6 5. Nc3 a6 6. a3 e6 7. Bc4 Be7 8. O-O
O-O 9. Nf3 Qc7 10. Qe2 b5 11. Bb3 Bb7 12. h3 Nbd7 13. Re1 Nc5 14. Nd2 Bc6 15.
Ba2 Ncd7 16. Nb3 Rab8 17. Nd4 Nc5 18. Nxc6 Qxc6 19. f3 Bd8 20. Be3 Bb6 21. Rad1
Na4 22. Nxa4 Bxe3+ 23. Qxe3 bxa4 24. Qc1 Ne8 25. Kh1 Qb6 26. b3 axb3 27. cxb3
Nf6 28. b4 Rbc8 29. Qe3 Qxe3 30. Rxe3 Rfd8 31. Red3 Rc6 32. e5 Nh5 33. Rxd6
Rdxd6 34. Rxd6 Rc1+ 35. Kh2 g6 36. Rxa6 Rc2 37. Bb1 Rb2 38. Be4 Nf4 39. Ra8+
Kg7 40. Bc6 Nxg2 41. b5 Ne1+ 42. Kg3 Nd3 43. f4 Rb3 44. Kg4 Nf2+ 45. Kh4 Rxh3+
46. Kg5 h6# 0-1

[Event "Tournoi francophone 009 Groupe C"]
[Site "Skype"]
[Date "????.??.??"]
[Round "1.2"]
[White "Hargez, Dany"]
[Black "Fouquereau, Andre"]
[Result "0-1"]
[WhiteElo "1277"]
[BlackElo "1419"]
[PlyCount "150"]

1. e4 e5 2. d4 exd4 3. Nf3 d6 4. Nxd4 Nf6 5. Bg5 h6 6. Bh4 Be7 7. Bxf6 Bxf6 8.
Bc4 O-O 9. O-O c6 10. Qd3 Nd7 11. Nf3 Nc5 12. Qa3 Nxe4 13. Bd3 d5 14. Nc3 Bg4
15. Bxe4 dxe4 16. Nxe4 Be7 17. Qe3 Qc7 18. Rad1 f5 19. Qb3+ Kh8 20. Ng3 f4 21.
Ne4 Rad8 22. Rxd8 Rxd8 23. Re1 Bxf3 24. Qxf3 Rf8 25. Qb3 Qa5 26. c3 Qc7 27. Nd2
b6 28. c4 c5 29. Qh3 Bf6 30. Qa3 Rd8 31. Nf3 a5 32. Qb3 Qc6 33. Qc2 Re8 34. b3
Bd4 35. Qf5 Rxe1+ 36. Nxe1 Qf6 37. Qc8+ Kh7 38. Nf3 Qd6 39. Qf5+ g6 40. Qf7+
Bg7 41. h4 Qf6 42. Qe8 Qa1+ 43. Kh2 Qxa2 44. h5 g5 45. Qf7 Qxf2 46. Qg6+ Kh8
47. Qe8+ Kh7 48. Qc6 Qg3+ 49. Kg1 g4 50. Qg6+ Kh8 51. Ne5 Qe3+ 52. Kh2 g3+ 53.
Kh3 Qxe5 54. Qg4 Qg5 55. Qh4 Qxh4+ 56. Kxh4 Bf6+ 57. Kg4 Bg5 58. Kf5 Kg7 59.
Ke6 Bf6 60. Kf5 Bg5 61. Ke5 Kf7 62. Kd6 Be7+ 63. Kc7 f3 64. gxf3 g2 65. Kxb6
g1=Q 66. Kxa5 Qa1+ 67. Kb5 Ke6 68. Kb6 Ke5 69. f4+ Kf5 70. Kc6 Qa6+ 71. Kc7
Qd6+ 72. Kb7 Bd8 73. Ka7 Qb6+ 74. Ka8 Bc7 75. b4 Qb8# 0-1

[Event "Tournoi francophone 009 Groupe C"]
[Site "Skype"]
[Date "????.??.??"]
[Round "1.3"]
[White "Pouteau, Pascal"]
[Black "Guillaume, Mickael"]
[Result "0-1"]
[WhiteElo "1470"]
[BlackElo "1366"]
[PlyCount "66"]

1. e4 e5 2. Nf3 Nc6 3. Bb5 Bc5 4. Nc3 Nge7 5. d3 O-O 6. O-O d6 7. Bg5 Bd7 8. h3
Nd4 9. Bxd7 Qxd7 10. Rb1 Nec6 11. Nxd4 Bxd4 12. Ne2 Bb6 13. Nc3 f6 14. Bd2 Nb4
15. a3 Na6 16. Ne2 f5 17. c3 c6 18. Qb3+ Kh8 19. Ng3 d5 20. Ne2 dxe4 21. Ng3
Qxd3 22. Rbd1 Qxg3 23. Kh1 Qg6 24. Be3 Bxe3 25. fxe3 Rab8 26. Rd2 Nc5 27. Qd1
Qg5 28. Re2 Rbd8 29. Qe1 Nd3 30. Qb1 f4 31. exf4 Rxf4 32. Rd1 Rf2 33. Rdd2
Qxg2# 0-1

[Event "Tournoi francophone 009 Groupe C"]
[Site "Skype"]
[Date "????.??.??"]
[Round "1.4"]
[White "Couto, Januario"]
[Black "Maccaferri, Massimo"]
[Result "0-1"]
[WhiteElo "1441"]
[BlackElo "1248"]
[PlyCount "60"]

1. e4 e5 2. Nf3 Nc6 3. Bb5 d6 4. O-O a6 5. Ba4 b5 6. Bb3 Bg4 7. c3 Bxf3 8. Qxf3
Nf6 9. d4 exd4 10. Bg5 Qd7 11. Bxf6 gxf6 12. Qxf6 Rg8 13. cxd4 Rg6 14. Qf5
O-O-O 15. Qxd7+ Rxd7 16. d5 Nd4 17. Bd1 Bg7 18. Nc3 b4 19. Ne2 Nf3+ 20. Kh1
Bxb2 21. Rb1 Nd2 22. Rxb2 Nxf1 23. Kg1 Nxh2 24. Kxh2 a5 25. Nd4 f6 26. Nc6 Rdg7
27. f3 h5 28. Nxa5 h4 29. Rc2 h3 30. Kxh3 Rh7# 0-1

[Event "Tournoi francophone 009 Groupe C"]
[Site "Skype"]
[Date "????.??.??"]
[Round "1.5"]
[White "Vincent, Andre"]
[Black "Khabou, Taha"]
[Result "0-1"]
[WhiteElo "1330"]
[BlackElo "1344"]
[PlyCount "70"]

1. e4 e6 2. d4 d5 3. exd5 exd5 4. Nc3 Nf6 5. Bd3 c6 6. Bg5 Bd6 7. Qe2+ Kf8 8.
Nf3 Nbd7 9. O-O c5 10. b3 cxd4 11. Nxd5 h6 12. Bxf6 Nxf6 13. Nxf6 Qxf6 14. Qe4
Bc5 15. Rfe1 Be6 16. Qxb7 Rd8 17. b4 Bd5 18. Qb5 Bd6 19. Be2 Bc6 20. Qc4 a6 21.
a4 Bd5 22. Qd3 Bxb4 23. Reb1 Bc3 24. Ra3 a5 25. Rb5 h5 26. g3 Rh6 27. h4 Rg6
28. Ng5 Rxg5 29. hxg5 Qxg5 30. Qd1 Qe7 31. Bxh5 Qxa3 32. Qb1 Qxa4 33. Rxd5 Rxd5
34. Qb8+ Qe8 35. Qb7 Rxh5 0-1

[Event "Tournoi francophone 009 Groupe C"]
[Site "Skype"]
[Date "????.??.??"]
[Round "2.1"]
[White "Bustos, Ricardo"]
[Black "Khabou, Taha"]
[Result "0-1"]
[WhiteElo "1232"]
[BlackElo "1344"]
[PlyCount "44"]

1. d4 e6 2. Bf4 d5 3. Nf3 Nf6 4. e3 c5 5. c3 Nc6 6. Bd3 Be7 7. Nbd2 O-O 8. h3
Nh5 9. Bh2 f5 10. Ne5 Nxe5 11. Bxe5 Qe8 12. O-O c4 13. Be2 Nf6 14. a4 Bd7 15.
Bh2 Ne4 16. Nf3 Bf6 17. Ne5 Bxe5 18. Bxe5 Rc8 19. Bh5 g6 20. Be2 Rc6 21. b3
Nxc3 22. Qd3 cxd3 0-1

[Event "Tournoi francophone 009 Groupe C"]
[Site "Skype"]
[Date "????.??.??"]
[Round "2.2"]
[White "Maccaferri, Massimo"]
[Black "Vincent, Andre"]
[Result "0-1"]
[WhiteElo "1248"]
[BlackElo "1330"]
[PlyCount "56"]

1. e4 c5 2. Nf3 d6 3. Bc4 Bg4 4. d3 Nf6 5. h3 Bxf3 6. gxf3 Nbd7 7. f4 g6 8. Bb5
Bg7 9. e5 dxe5 10. fxe5 Nd5 11. c4 Nc7 12. Bxd7+ Qxd7 13. Bf4 Rd8 14. Ke2 Ne6
15. Bg3 Nd4+ 16. Ke3 Nf5+ 17. Ke2 Nxg3+ 18. fxg3 Bxe5 19. Nc3 Bxg3 20. Nd5 Qe6+
21. Kd2 O-O 22. Qa4 a6 23. Rag1 Bd6 24. Re1 Qd7 25. Qd1 b5 26. h4 h5 27. Rhf1
f5 28. Nf6+ Rxf6 0-1

[Event "Tournoi francophone 009 Groupe C"]
[Site "Skype"]
[Date "????.??.??"]
[Round "2.3"]
[White "Guillaume, Mickael"]
[Black "Couto, Januario"]
[Result "1/2-1/2"]
[WhiteElo "1366"]
[BlackElo "1441"]
[PlyCount "73"]

1. e4 d5 2. exd5 Qxd5 3. Nc3 Qd6 4. Nb5 Qd8 5. Nf3 a6 6. Nc3 Nf6 7. Bc4 b5 8.
Bb3 Bb7 9. Ng5 c5 10. d3 e6 11. O-O h6 12. Nge4 Nbd7 13. Re1 Be7 14. Bf4 Nxe4
15. Nxe4 Nf6 16. Qf3 Nxe4 17. dxe4 c4 18. Rad1 Qb6 19. Be3 Bc5 20. Bxc5 Qxc5
21. Qc3 O-O 22. a3 Rad8 23. Rd3 Qh5 24. Rh3 Qc5 25. Ba2 Qd4 26. Qxd4 Rxd4 27.
Rhe3 Rfd8 28. e5 Rd1 29. f3 R8d2 30. Bb1 Bd5 31. Rf1 Rxf1+ 32. Kxf1 a5 33. Re2
Rd4 34. c3 Rd1+ 35. Re1 Rd2 36. Re2 Rd1+ 37. Re1 1/2-1/2

[Event "Tournoi francophone 009 Groupe C"]
[Site "Skype"]
[Date "????.??.??"]
[Round "2.4"]
[White "Fouquereau, Andre"]
[Black "Pouteau, Pascal"]
[Result "1-0"]
[WhiteElo "1419"]
[BlackElo "1470"]
[PlyCount "105"]

1. e4 e5 2. Nf3 Nc6 3. Bc4 Nf6 4. d3 Be7 5. O-O O-O 6. c3 a6 7. a3 d5 8. exd5
Nxd5 9. Re1 Bg4 10. Nbd2 Nf4 11. Qc2 b5 12. Ba2 Nxd3 13. Bb1 Bf5 14. Re3 e4 15.
Nxe4 Bxe4 16. Rxe4 f5 17. Re2 Nxc1 18. Qxc1 Qe8 19. Ba2+ Kh8 20. Qc2 Rd8 21.
Rae1 Rd7 22. Be6 Rd6 23. Bxf5 Rh6 24. Re6 Rxe6 25. Rxe6 g6 26. Be4 Nd8 27. Rxa6
Nf7 28. Bc6 Qd8 29. Ra8 Qd6 30. Rxf8+ Bxf8 31. Be4 Nh6 32. g3 Bg7 33. Nd4 Bxd4
34. cxd4 Qxd4 35. Bc6 Nf7 36. Qe2 Qe5 37. Qc2 Ng5 38. Bg2 Qe1+ 39. Bf1 Nf3+ 40.
Kg2 Nxh2 41. Bxb5 Ng4 42. Qc3+ Qxc3 43. bxc3 Ne5 44. a4 c6 45. Be2 Nd7 46. a5
Nc5 47. a6 Nxa6 48. Bxa6 Kg7 49. f4 Kh8 50. Kf3 Kg7 51. Ke4 Kh8 52. Ke5 Kg7 53.
Ke6 1-0

[Event "Tournoi francophone 009 Groupe C"]
[Site "Skype"]
[Date "????.??.??"]
[Round "2.5"]
[White "Amato, Ludovica"]
[Black "Hargez, Dany"]
[Result "1-0"]
[WhiteElo "1289"]
[BlackElo "1277"]
[PlyCount "61"]

1. e4 e5 2. Nf3 Nf6 3. Nxe5 d5 4. exd5 Nxd5 5. d4 Bd6 6. Nc4 O-O 7. Nxd6 Qxd6
8. Bd2 Re8+ 9. Be2 Nf6 10. c3 Bg4 11. f3 Bh5 12. O-O Nbd7 13. Be1 Qb6 14. Qd2
c5 15. Bf2 Qc7 16. Na3 a6 17. Nc4 b5 18. Ne3 Rad8 19. dxc5 Nxc5 20. Qc2 Bg6 21.
Qc1 Bd3 22. Bxd3 Nxd3 23. Qc2 Nh5 24. g3 Qc6 25. Rad1 Qg6 26. Ng2 Qf5 27. g4
Qxf3 28. gxh5 Re4 29. Bb6 Qe2 30. Qxe2 Rxe2 31. Rxd3 1-0

[Event "Tournoi francophone 009 Groupe C"]
[Site "Skype"]
[Date "????.??.??"]
[Round "3.1"]
[White "Hargez, Dany"]
[Black "Bustos, Ricardo"]
[Result "1/2-1/2"]
[WhiteElo "1277"]
[BlackElo "1232"]
[PlyCount "70"]

1. e4 c5 2. Nf3 d6 3. Bb5+ Bd7 4. Nc3 Bxb5 5. Nxb5 a6 6. Nc3 e6 7. d4 cxd4 8.
Nxd4 Nf6 9. Bg5 Be7 10. Bxf6 Bxf6 11. Nce2 O-O 12. c3 Nc6 13. Nf3 Ne5 14. Nxe5
dxe5 15. Qb3 b5 16. O-O Qb6 17. Rad1 a5 18. a4 b4 19. c4 Rfd8 20. Rd3 Rxd3 21.
Qxd3 Rd8 22. Qb3 Qc6 23. Qc2 Bg5 24. f4 exf4 25. Rf3 Qc5+ 26. Kh1 Qd6 27. Qb3
Qd1+ 28. Qxd1 Rxd1+ 29. Ng1 Rb1 30. b3 Be7 31. Rd3 g6 32. h3 Bc5 33. g4 Bxg1
34. Rd8+ Kg7 35. Kg2 Bc5 1/2-1/2

[Event "Tournoi francophone 009 Groupe C"]
[Site "Skype"]
[Date "????.??.??"]
[Round "3.2"]
[White "Pouteau, Pascal"]
[Black "Amato, Ludovica"]
[Result "1/2-1/2"]
[WhiteElo "1470"]
[BlackElo "1289"]
[PlyCount "82"]

1. e4 e5 2. Nf3 Nf6 3. Nc3 Bb4 4. Bc4 O-O 5. O-O Nc6 6. d3 d6 7. h3 Na5 8. Nd5
Nxd5 9. Bxd5 c6 10. a3 cxd5 11. axb4 Nc6 12. b5 Ne7 13. Bg5 f6 14. Be3 dxe4 15.
dxe4 d5 16. Bc5 d4 17. Qd3 Be6 18. Nd2 b6 19. Bb4 Re8 20. c3 dxc3 21. Qxd8
Raxd8 22. Bxc3 Bd7 23. Rxa7 Bxb5 24. Rfa1 Bc6 25. Bb4 Ng6 26. Rc7 Rc8 27. Rxc8
Rxc8 28. Rc1 Bd7 29. Rxc8+ Bxc8 30. Nc4 b5 31. Nd6 Bd7 32. Bd2 Kf8 33. Kf1 Ne7
34. b4 g6 35. Ke2 Kg7 36. Ke3 Nc8 37. Nxc8 Bxc8 38. Kd3 Be6 39. Ke3 h6 40. f4
exf4+ 41. Kxf4 f5 1/2-1/2

[Event "Tournoi francophone 009 Groupe C"]
[Site "Skype"]
[Date "????.??.??"]
[Round "3.3"]
[White "Couto, Januario"]
[Black "Fouquereau, Andre"]
[Result "1-0"]
[WhiteElo "1441"]
[BlackElo "1419"]
[PlyCount "38"]

1. e4 e5 2. Nf3 d6 3. d4 Be7 4. dxe5 dxe5 5. Qxd8+ Bxd8 6. Nxe5 Nf6 7. Bd3 O-O
8. O-O c6 9. Nc3 Bc7 10. Nf3 h6 11. h3 Nbd7 12. Be3 Ne5 13. Be2 Be6 14. b3 b5
15. Nd4 Bd7 16. f4 Nc4 17. bxc4 b4 18. e5 Nh7 19. Ne4 Bf5 1-0

[Event "Tournoi francophone 009 Groupe C"]
[Site "Skype"]
[Date "????.??.??"]
[Round "3.4"]
[White "Vincent, Andre"]
[Black "Guillaume, Mickael"]
[Result "1/2-1/2"]
[WhiteElo "1330"]
[BlackElo "1366"]
[PlyCount "92"]

1. e4 e5 2. Nf3 Nc6 3. Nc3 Nf6 4. Bc4 Be7 5. d4 exd4 6. Nxd4 d6 7. O-O O-O 8.
Nxc6 bxc6 9. h3 Be6 10. Bb3 Bxb3 11. axb3 d5 12. e5 Ne4 13. Nxe4 dxe4 14. Be3
Qd5 15. Qxd5 cxd5 16. Rfd1 Rfd8 17. Ra4 c5 18. c3 Rd7 19. Rxe4 Rb8 20. b4 Rbb7
21. Rg4 cxb4 22. Rd3 bxc3 23. bxc3 Rb3 24. h4 Rb1+ 25. Kh2 Bd8 26. g3 Bc7 27.
Bd4 Bb6 28. Bxb6 Rxb6 29. Rgd4 Rb5 30. c4 Rb2 31. Kg2 Re7 32. Rxd5 f6 33. Rd8+
Kf7 34. R3d5 fxe5 35. Rd2 Rxd2 36. Rxd2 Rc7 37. Ra2 Rxc4 38. Rxa7+ Kf6 39. Ra2
e4 40. Re2 Rd4 41. f3 exf3+ 42. Kxf3 Rd5 43. Kg2 g5 44. Rf2+ Kg6 45. hxg5 Rxg5
46. Rf4 h6 1/2-1/2

[Event "Tournoi francophone 009 Groupe C"]
[Site "Skype"]
[Date "????.??.??"]
[Round "3.5"]
[White "Khabou, Taha"]
[Black "Maccaferri, Massimo"]
[Result "1-0"]
[WhiteElo "1344"]
[BlackElo "1248"]
[PlyCount "51"]

1. d4 e5 2. dxe5 Nc6 3. Nf3 Qe7 4. Bg5 Qb4+ 5. Nc3 Qxb2 6. Nd5 Qxe5 7. Nxe5 Bd6
8. Nxc6 dxc6 9. Nf4 f6 10. Bxf6 Nxf6 11. e3 Bf5 12. Bd3 Bd7 13. O-O O-O-O 14.
Rb1 b6 15. Ba6+ Kb8 16. a4 Bc8 17. Bxc8 Bxf4 18. Qe2 Rhe8 19. Ba6 Rd4 20. Qf3
Rxa4 21. exf4 Rxa6 22. Qxc6 Rd8 23. Rfd1 Rf8 24. c4 Ra5 25. c5 Rxc5 26. Qxc5
1-0

[Event "Tournoi francophone 009 Groupe C"]
[Site "Skype"]
[Date "????.??.??"]
[Round "4.1"]
[White "Bustos, Ricardo"]
[Black "Maccaferri, Massimo"]
[Result "1-0"]
[WhiteElo "1232"]
[BlackElo "1248"]
[PlyCount "45"]

1. d4 e5 2. dxe5 Nc6 3. Nf3 Qe7 4. Nc3 Nxe5 5. Nxe5 Qxe5 6. e3 Bb4 7. Bd2 d5 8.
Be2 Qg5 9. Bf3 Nf6 10. h4 Qg6 11. Qe2 Bf5 12. Nxd5 Bxd2+ 13. Qxd2 Nxd5 14. Bxd5
O-O-O 15. O-O-O c6 16. Qc3 Kb8 17. h5 Qg5 18. Bxf7 Rxd1+ 19. Rxd1 Qxg2 20. Qe5+
Ka8 21. Qxf5 Rf8 22. Bg6 Rxf5 23. Rd8# 1-0

[Event "Tournoi francophone 009 Groupe C"]
[Site "Skype"]
[Date "????.??.??"]
[Round "4.2"]
[White "Guillaume, Mickael"]
[Black "Khabou, Taha"]
[Result "1-0"]
[WhiteElo "1366"]
[BlackElo "1344"]
[PlyCount "53"]

1. d4 e6 2. c4 Nf6 3. e3 d5 4. cxd5 exd5 5. Nd2 Bf5 6. Qb3 Qc8 7. Ngf3 Nbd7 8.
Bd3 Nb6 9. a4 a5 10. Bxf5 Qxf5 11. Qb5+ Nfd7 12. O-O Bd6 13. e4 Qg4 14. exd5
O-O 15. Nc4 Nxc4 16. Qxc4 Bb4 17. Qxc7 Ra6 18. Qxb7 Rg6 19. g3 Nf6 20. Ne5 Qxd4
21. Nxg6 fxg6 22. Be3 Qxb2 23. Bc5 Re8 24. Rae1 Rxe1 25. Rxe1 Qc3 26. Qc8+ Kf7
27. Re7# 1-0

[Event "Tournoi francophone 009 Groupe C"]
[Site "Skype"]
[Date "????.??.??"]
[Round "4.3"]
[White "Fouquereau, Andre"]
[Black "Vincent, Andre"]
[Result "1-0"]
[WhiteElo "1419"]
[BlackElo "1330"]
[PlyCount "73"]

1. e4 e5 2. Nf3 d6 3. c3 Nf6 4. a3 Nc6 5. Qc2 Be7 6. Bc4 O-O 7. O-O h6 8. d3 a6
9. Be3 b5 10. Ba2 Bd7 11. Nbd2 Qc8 12. Rac1 Bg4 13. h3 Bxf3 14. Nxf3 Qd7 15. d4
Rfd8 16. Rfe1 exd4 17. cxd4 Rac8 18. Qxc6 Qxc6 19. Rxc6 Nxe4 20. Rxa6 d5 21.
Ra7 f6 22. Nh4 Kf7 23. Nf5 Bf8 24. Bf4 Rd7 25. f3 g5 26. Bh2 Nd2 27. Rc1 Nc4
28. Bxc4 bxc4 29. Ne3 Bd6 30. Bxd6 Rxd6 31. b3 cxb3 32. Rb1 Ke6 33. Rxb3 Rc6
34. a4 Rc1+ 35. Kh2 c5 36. Rb6+ Rc6 37. Rxc6# 1-0

[Event "Tournoi francophone 009 Groupe C"]
[Site "Skype"]
[Date "????.??.??"]
[Round "4.4"]
[White "Amato, Ludovica"]
[Black "Couto, Januario"]
[Result "0-1"]
[WhiteElo "1289"]
[BlackElo "1441"]
[PlyCount "38"]

1. e4 c6 2. d4 d5 3. Nc3 dxe4 4. Nxe4 Bf5 5. Ng3 Bg6 6. N1e2 Nf6 7. Nf4 e6 8.
Nxg6 hxg6 9. Bc4 Nbd7 10. O-O Nb6 11. Bb3 Bd6 12. Bg5 Nbd5 13. Ne4 Bxh2+ 14.
Kh1 Bf4+ 15. Kg1 Qc7 16. Nxf6+ gxf6 17. Bxf4 Nxf4 18. Qf3 Ne2+ 19. Qxe2 Qh2#
0-1

[Event "Tournoi francophone 009 Groupe C"]
[Site "Skype"]
[Date "????.??.??"]
[Round "4.5"]
[White "Hargez, Dany"]
[Black "Pouteau, Pascal"]
[Result "0-1"]
[WhiteElo "1277"]
[BlackElo "1470"]
[PlyCount "44"]

1. e4 e5 2. d4 exd4 3. Nf3 Nc6 4. Bc4 Bb4+ 5. c3 dxc3 6. bxc3 Be7 7. O-O d6 8.
Bb5 Bd7 9. Bf4 Nf6 10. Re1 O-O 11. Bg5 Nxe4 12. Rxe4 Bxg5 13. Nxg5 Qxg5 14. Nd2
Qxb5 15. c4 Qg5 16. Nf3 Qg6 17. Qe1 Rae8 18. Nd2 Ne5 19. Qe2 Bc6 20. Re1 f5 21.
Nf3 Nxf3+ 22. Qxf3 fxe4 0-1

[Event "Tournoi francophone 009 Groupe C"]
[Site "Skype"]
[Date "????.??.??"]
[Round "5.1"]
[White "Pouteau, Pascal"]
[Black "Bustos, Ricardo"]
[Result "1-0"]
[WhiteElo "1470"]
[BlackElo "1232"]
[PlyCount "31"]

1. d4 Nf6 2. c4 e5 3. d5 d6 4. Nc3 Be7 5. e4 b6 6. Nf3 Bb7 7. Be2 Nbd7 8. h3
Nc5 9. Qc2 c6 10. b4 Na6 11. Qa4 Qd7 12. dxc6 Bxc6 13. b5 Nc5 14. bxc6 Qc7 15.
Nb5 Nxa4 16. Nxc7+ 1-0

[Event "Tournoi francophone 009 Groupe C"]
[Site "Skype"]
[Date "????.??.??"]
[Round "5.2"]
[White "Couto, Januario"]
[Black "Hargez, Dany"]
[Result "1-0"]
[WhiteElo "1441"]
[BlackElo "1277"]
[PlyCount "71"]

1. e4 e5 2. Nf3 Nf6 3. Nxe5 d5 4. exd5 Qxd5 5. d4 Bd6 6. c4 Qe4+ 7. Qe2 Bb4+ 8.
Nc3 Bxc3+ 9. bxc3 Bf5 10. f3 Qxe2+ 11. Bxe2 Nc6 12. Nxc6 bxc6 13. O-O O-O 14.
Bg5 Rae8 15. Rfe1 h6 16. Bxf6 gxf6 17. Bf1 Re6 18. Rxe6 fxe6 19. g4 Bg6 20. Re1
Kf7 21. f4 h5 22. h3 Rh8 23. g5 fxg5 24. fxg5 Ke7 25. Bg2 Rf8 26. Rf1 Rf5 27.
Rxf5 exf5 28. Bxc6 Ke6 29. Kf2 f4 30. Bf3 h4 31. Bg4+ Bf5 32. Kf3 Bxg4+ 33.
Kxg4 f3 34. Kxf3 Kf5 35. g6 Kxg6 36. Kg4 1-0

[Event "Tournoi francophone 009 Groupe C"]
[Site "Skype"]
[Date "????.??.??"]
[Round "5.3"]
[White "Vincent, Andre"]
[Black "Amato, Ludovica"]
[Result "1/2-1/2"]
[WhiteElo "1330"]
[BlackElo "1289"]
[PlyCount "52"]

1. c4 e5 2. Nc3 Nf6 3. g3 Nc6 4. Bg2 Be7 5. Nf3 O-O 6. e4 d6 7. O-O h6 8. h3
Bd7 9. d3 Qc8 10. Kh2 a6 11. Be3 Nd8 12. Ng1 Be6 13. f4 exf4 14. Bxf4 c6 15.
Qf3 Qd7 16. Rad1 Re8 17. b3 b5 18. Rb1 Nb7 19. d4 bxc4 20. bxc4 Bxc4 21. Rf2
Rab8 22. Rfb2 Rec8 23. Na4 Rc7 24. Nb6 Qe6 25. Nxc4 Qxc4 26. Qe3 Nh5 1/2-1/2

[Event "Tournoi francophone 009 Groupe C"]
[Site "Skype"]
[Date "????.??.??"]
[Round "5.4"]
[White "Khabou, Taha"]
[Black "Fouquereau, Andre"]
[Result "0-1"]
[WhiteElo "1344"]
[BlackElo "1419"]
[PlyCount "36"]

1. d4 d5 2. c4 Nf6 3. Nc3 c6 4. cxd5 cxd5 5. Bf4 e6 6. Bxb8 Rxb8 7. Qa4+ Bd7 8.
Qxa7 Bb4 9. Rc1 O-O 10. e3 Bc6 11. a3 Ra8 12. Qxa8 Bxc3+ 13. Rxc3 Qxa8 14. Nf3
Ne4 15. Rc1 Qa5+ 16. Kd1 Ba4+ 17. Ke2 Bb5+ 18. Kd1 Nxf2+ 0-1

[Event "Tournoi francophone 009 Groupe C"]
[Site "Skype"]
[Date "????.??.??"]
[Round "5.5"]
[White "Maccaferri, Massimo"]
[Black "Guillaume, Mickael"]
[Result "0-1"]
[WhiteElo "1248"]
[BlackElo "1366"]
[PlyCount "86"]

1. e4 e5 2. Bc4 Nf6 3. Nc3 Nxe4 4. Nxe4 d5 5. Bb5+ c6 6. Bxc6+ Nxc6 7. Nc3 d4
8. Ne4 Nb4 9. c3 Nd3+ 10. Ke2 dxc3 11. Qc2 Nf4+ 12. Kf1 cxb2 13. Bxb2 Qd3+ 14.
Qxd3 Nxd3 15. Rb1 f5 16. Ng5 Bc5 17. N1f3 Nxf2 18. Rg1 Nd3 19. Rh1 e4 20. Ne5
O-O 21. Nxd3 exd3 22. Re1 Rd8 23. Re5 Bd6 24. Rd5 Be7 25. Rxd8+ Bxd8 26. h4
Bxg5 27. hxg5 Be6 28. a4 Rc8 29. Bc3 Rc4 30. a5 Rg4 31. Rh3 Bc4 32. Re3 Rxg5
33. Kf2 Bd5 34. Re7 Rxg2+ 35. Ke3 Re2+ 36. Kd4 Rxe7 37. Kxd5 Re2 38. Bd4 Rxd2
39. Ke5 g6 40. Bg1 Rg2 41. Bxa7 h5 42. Kf6 h4 43. a6 bxa6 0-1

[Event "Tournoi francophone 009 Groupe C"]
[Site "Skype"]
[Date "????.??.??"]
[Round "6.1"]
[White "Bustos, Ricardo"]
[Black "Guillaume, Mickael"]
[Result "0-1"]
[WhiteElo "1232"]
[BlackElo "1366"]
[PlyCount "84"]

1. d4 Nf6 2. Nf3 e6 3. c4 b6 4. Nc3 Nc6 5. e3 Bb4 6. Qc2 Ba5 7. a3 Bxc3+ 8.
Qxc3 Ne4 9. Qc2 d5 10. cxd5 Qxd5 11. Bc4 Qa5+ 12. Bd2 Nxd2 13. Qxd2 O-O 14. O-O
Qxd2 15. Nxd2 Rd8 16. b4 a6 17. Nb3 Bb7 18. Rfd1 Ne7 19. Nd2 c6 20. Nf3 Nd5 21.
Rac1 f6 22. Bxd5 cxd5 23. Nd2 Rac8 24. Nb3 Rc4 25. Nd2 Rc6 26. Rxc6 Bxc6 27.
Rc1 Bb5 28. Rc7 e5 29. f3 Kf8 30. Rb7 Rc8 31. Kf2 Rc2 32. Ke1 Rc1+ 33. Kf2 Rd1
34. Nb3 Bc4 35. Rb8+ Kf7 36. Rb7+ Kf8 37. Rb8+ Ke7 38. Rb7+ Kd8 39. Nc5 Rd2+
40. Kg3 bxc5 41. dxc5 Bf1 42. Rxg7 Rxg2+ 0-1

[Event "Tournoi francophone 009 Groupe C"]
[Site "Skype"]
[Date "????.??.??"]
[Round "6.2"]
[White "Fouquereau, Andre"]
[Black "Maccaferri, Massimo"]
[Result "1-0"]
[WhiteElo "1419"]
[BlackElo "1248"]
[PlyCount "43"]

1. e4 e5 2. Nf3 Nc6 3. c3 Nf6 4. Qc2 d6 5. a3 b6 6. Bc4 Be6 7. Bxe6 fxe6 8. O-O
Qd7 9. d4 O-O-O 10. Qa4 Nxe4 11. d5 Nc5 12. dxe6 Qxe6 13. Qxc6 Kb8 14. Nbd2 g6
15. Qb5 h5 16. b4 Nb7 17. Ng5 Qf5 18. Ndf3 Be7 19. Nh3 Rhg8 20. Be3 g5 21.
Nhxg5 e4 22. Qxf5 1-0

[Event "Tournoi francophone 009 Groupe C"]
[Site "Skype"]
[Date "????.??.??"]
[Round "6.3"]
[White "Amato, Ludovica"]
[Black "Khabou, Taha"]
[Result "1/2-1/2"]
[WhiteElo "1289"]
[BlackElo "1344"]
[PlyCount "65"]

1. e4 e6 2. d4 d5 3. exd5 exd5 4. Bd3 Nf6 5. Nf3 Bd6 6. O-O O-O 7. Re1 Nc6 8.
a3 h6 9. h3 Ne7 10. Nc3 c6 11. Ne2 Nf5 12. c3 Bc7 13. Qc2 Nd6 14. Bf4 Nfe4 15.
Ng3 Nxg3 16. Bxg3 Qf6 17. Re2 Bxh3 18. Rae1 Bg4 19. Re3 Nf5 20. Bxc7 Nxe3 21.
Rxe3 Be6 22. Be5 Qe7 23. Bf5 Qd7 24. Bxe6 fxe6 25. Qg6 Qf7 26. Qg3 Kh7 27. Qh2
Qf5 28. Qg3 Qg6 29. Qh4 Rf5 30. g4 h5 31. Nh2 Kg8 32. Rh3 Raf8 33. f3 1/2-1/2

[Event "Tournoi francophone 009 Groupe C"]
[Site "Skype"]
[Date "????.??.??"]
[Round "6.4"]
[White "Hargez, Dany"]
[Black "Vincent, Andre"]
[Result "1-0"]
[WhiteElo "1277"]
[BlackElo "1330"]
[PlyCount "119"]

1. e4 e5 2. Bc4 d6 3. Nf3 h6 4. d4 Nf6 5. Nc3 Bg4 6. Qd3 Nbd7 7. d5 Nc5 8. Bb5+
Nfd7 9. Bxd7+ Qxd7 10. Qd1 Be7 11. Be3 Rd8 12. Bxc5 dxc5 13. Qd3 Bd6 14. Nb5 a6
15. Na3 b5 16. c4 b4 17. Nc2 Rb8 18. b3 O-O 19. Nh4 g6 20. Ne3 Be7 21. Nhf5
Bxf5 22. exf5 g5 23. Ng4 Qd6 24. f6 Bxf6 25. Nxh6+ Kh8 26. Nf5 Qd7 27. Qh3+ Kg8
28. Nh6+ Kg7 29. Qxd7 Kxh6 30. O-O Rbc8 31. Qf5 Kg7 32. f4 exf4 33. Rf3 Rce8
34. Rh3 Rh8 35. Rf1 Bd4+ 36. Kh1 Bf6 37. Rxh8 Rxh8 38. Qd7 Bd8 39. Qc6 a5 40.
Qxc5 Kg6 41. Qxa5 c6 42. Qxb4 cxd5 43. Qd6+ f6 44. Qxd5 f5 45. Qe6+ Bf6 46. Rd1
g4 47. Rd5 Rh5 48. Qe8+ Kg5 49. Qg8+ Kh4 50. Rd7 g3 51. Rh7 Rxh7 52. Qxh7+ Kg4
53. h3+ Kg5 54. h4+ Kg4 55. h5 f3 56. Qg6+ Bg5 57. gxf3+ Kf4 58. Kg2 Bh4 59. h6
Ke3 60. h7 1-0

[Event "Tournoi francophone 009 Groupe C"]
[Site "Skype"]
[Date "????.??.??"]
[Round "6.5"]
[White "Pouteau, Pascal"]
[Black "Couto, Januario"]
[Result "1-0"]
[WhiteElo "1470"]
[BlackElo "1441"]
[PlyCount "22"]

1. d4 f5 2. c4 Nf6 3. Nc3 d6 4. Bf4 Nbd7 5. Nf3 g6 6. e3 Bg7 7. Bd3 O-O 8. Qb3
c5 9. O-O Qe8 10. d5 Ng4 11. Nb5 a6 1-0

[Event "Tournoi francophone 009 Groupe C"]
[Site "Skype"]
[Date "????.??.??"]
[Round "7.1"]
[White "Couto, Januario"]
[Black "Bustos, Ricardo"]
[Result "1-0"]
[WhiteElo "1441"]
[BlackElo "1232"]
[PlyCount "27"]

1. e4 c5 2. d4 cxd4 3. c3 d5 4. e5 Nc6 5. Bb5 Bd7 6. cxd4 e6 7. Nf3 Qc7 8. Bf4
Bb4+ 9. Nc3 Nge7 10. Rc1 Ng6 11. Bg3 O-O 12. O-O Nce7 13. Nxd5 exd5 14. Rxc7
1-0

[Event "Tournoi francophone 009 Groupe C"]
[Site "Skype"]
[Date "????.??.??"]
[Round "7.2"]
[White "Vincent, Andre"]
[Black "Pouteau, Pascal"]
[Result "0-1"]
[WhiteElo "1330"]
[BlackElo "1470"]
[PlyCount "78"]

1. e4 e5 2. Nf3 Nc6 3. Nc3 Nf6 4. Bc4 Bc5 5. O-O O-O 6. d3 d6 7. h3 Na5 8. b3
a6 9. a3 Nxc4 10. bxc4 Be6 11. Rb1 Rb8 12. Bg5 Bxa3 13. Rb3 Bc5 14. Nd5 Bxd5
15. cxd5 b5 16. c3 Re8 17. Re1 h6 18. Bh4 g5 19. Bg3 Rb7 20. d4 exd4 21. cxd4
Bb6 22. e5 Nxd5 23. Qd3 Qd7 24. Qe4 c6 25. Qg4 Qxg4 26. hxg4 a5 27. Rb2 a4 28.
Rbe2 Rbe7 29. Rc1 Rc8 30. Re4 Nf6 31. Rce1 Nxe4 32. Rxe4 d5 33. Re1 Re6 34. Rd1
b4 35. Kf1 b3 36. Ke2 a3 37. Kd3 c5 38. Nd2 c4+ 39. Ke2 a2 0-1